| 000 | 00809nam a2200193 i 4500 | ||
|---|---|---|---|
| 001 | 187856 | ||
| 003 | ES-MaACL | ||
| 005 | 20250901104949.0 | ||
| 008 | 180316s1899 xxk |||| | eng d | ||
| 110 | 0 |
_aGran Bretaña. _bForeign Office. _94480 |
|
| 245 | 1 | 0 |
_aItaly _b: report on commercial education in Italy / presented to both Houses of Parliament by command of Her Majesty, may 1899. |
| 260 |
_aLondon : _bForeing Office, _c1899. |
||
| 300 |
_a13 p. ; _c25 cm. |
||
| 490 | 1 |
_aDiplomatic and consular reports. Miscellaneous series ; _v503 |
|
| 650 | 7 |
_aComercio- _xEstudio y enseñanza- _zItalia _2 _9164409 |
|
| 830 | 0 |
_aDiplomatic and consular reports. Miscellaneous series ; _v503 _9192853 |
|
| 852 |
_aES-MaACL _jT-951-F-14 _z.- Legado de González del Campillo |
||
| 999 |
_c187856 _d187856 |
||